| 000 | 00694na a2200241 4500 | ||
|---|---|---|---|
| 001 | 14806 | ||
| 003 | MIRAKIL | ||
| 005 | 20181213154929.0 | ||
| 008 | 160901b tu 000 0 | ||
| 020 | _a9751933188 | ||
| 035 | _a14806 | ||
| 040 |
_aMilas _btur _cTR-AnCHP |
||
| 082 |
_aATA 956.1024 _bB69a 2003 |
||
| 090 | _aATA 956.1024 B69a 2003 | ||
| 100 | _aBozkurt, Mahmut Esat | ||
| 245 |
_aAtatürk ihtilali _cMahmut Esat Bozkurt ; çeviren Zeki Arıkan |
||
| 260 |
_aİstanbul _bTÜPRAŞ _c2003 |
||
| 300 |
_a375 s. _bfotg. _c28 sm. |
||
| 600 |
_aAtatürk, Mustafa Kemal _d1881-1938 _xAtatürk devrimleri |
||
| 650 | _aAtatürkçülük | ||
| 700 | _aArıkan, Zeki | ||
| 942 |
_2ddc _cBKS |
||
| 999 |
_c3379 _d3379 |
||